ბათუმის შოთა რუსთაველის სახელმწიფო უნივერსიტეტის ბიბლიოთეკა

ქართული სახელმწიფოს წარმოშობის საკითხისათვის (ბიბ.ჩანაწერი № 34569)

000 -LEADER
fixed length control field 00866nam a2200217Ia 4500
001 - CONTROL NUMBER
control field 330
003 - CONTROL NUMBER IDENTIFIER
control field GE_BSU
008 - FIXED-LENGTH DATA ELEMENTS--GENERAL INFORMATION
fixed length control field 181216s||||||||xx |||||||||||||| ||und||
040 ## - CATALOGING SOURCE
Transcribing agency GE_BSU
080 ## - UNIVERSAL DECIMAL CLASSIFICATION NUMBER
Universal Decimal Classification number 94(479.22)
100 ## - MAIN ENTRY--PERSONAL NAME
Personal name გოგოლაძე,დერმიშა
245 ## - TITLE STATEMENT
Title ქართული სახელმწიფოს წარმოშობის საკითხისათვის
245 ## - TITLE STATEMENT
Remainder of title ივ.ჯავახიშვილის სახ. ისტორიისა და ეთნოლოგიის ინ–ტი
260 ## - PUBLICATION, DISTRIBUTION, ETC.
Place of publication, distribution, etc. თბილისი
260 ## - PUBLICATION, DISTRIBUTION, ETC.
Name of publisher, distributor, etc. მერიდიანი
260 ## - PUBLICATION, DISTRIBUTION, ETC.
Date of publication, distribution, etc. 2003
300 ## - PHYSICAL DESCRIPTION
Extent 123გვ.
653 ## - INDEX TERM--UNCONTROLLED
Uncontrolled term ქართული სახელმწიფოს წარმოშობის საკითხისათვის
942 ## - ADDED ENTRY ELEMENTS (KOHA)
Koha item type წიგნი
ეგზემპლარები
Withdrawn status Lost status Damaged status Not for loan Date acquired Barcode Date last seen Price effective from Koha item type
        2018-12-17 1366 2018-12-17 2018-12-17 წიგნი